| 000 | 00661nam a2200241Ia 4500 | ||
|---|---|---|---|
| 003 | OSt | ||
| 005 | 20220918224212.0 | ||
| 006 | a|||||r|||| 00| 0 | ||
| 007 | ta | ||
| 008 | 220917b |||||||| |||| 00| 0 eng d | ||
| 024 | _a227,141 | ||
| 037 | _cTextual | ||
| 040 |
_aARTS _cARTS _beng |
||
| 041 |
_2eng _aeng |
||
| 082 | _aQ72ISa, P4 | ||
| 100 |
_aDaftary Farhad _94476 |
||
| 245 | 0 |
_aIsmaili literature _b a bibliography of sources and studies |
|
| 260 |
_aLondon _bI.B. Tauris Publishers _c2004 |
||
| 300 |
_axviii, 469p. _ccm. |
||
| 650 | _aRELIGION | ||
| 942 |
_hQ72ISa, P4 _cTEXL _2CC |
||
| 999 |
_c280530 _d280530 |
||